HIGH COURT CRIMINAL SESSION NO.357 OF 1969 Uganda Vs Nzera Namwaya (Record no. 6561)

MARC details
000 -LEADER
fixed length control field 00311nam a22000977a 4500
008 - FIXED-LENGTH DATA ELEMENTS--GENERAL INFORMATION
fixed length control field 150622b xxu||||| |||| 00| 0 eng d
010 ## - LIBRARY OF CONGRESS CONTROL NUMBER
Field link and sequence number HCCRSF:005
245 ## - TITLE STATEMENT
Title HIGH COURT CRIMINAL SESSION NO.357 OF 1969 Uganda Vs Nzera Namwaya
260 ## - PUBLICATION, DISTRIBUTION, ETC. (IMPRINT)
Place of publication, distribution, etc High Court Kampala
500 ## - GENERAL NOTE
Materials specified BEFORE: Hon. Mr. Acting Justice Y.V. Phadke
Holdings
Withdrawn status Lost status Source of classification or shelving scheme Damaged status Koha normalized classification for sorting Not for loan Location (home branch) Sublocation or collection (holding branch) Shelving location Date acquired Koha issues (times borrowed) Koha full call number Piece designation (barcode) Koha date last seen Price effective from Koha item type Public note
    Dewey Decimal Classification   HCCRSF_005   Archives Archives Archives 06/22/2015   HCCRSF:005 0863/2015 06/22/2015 06/22/2015 Un Reported Cases 21st/July/1969